000 00523nam a2200193 a 4500
001 1777709615447
003 YourLibrary
005 20260502134442.0
008 260502s2008##################000#0#eng##
020 _a9780750684477
082 0 4 _a394.2068
_bMAL
100 1 _aMallen, Cheryl,
_eauthor.
245 1 0 _aSport, Recreation and Tourism Event Management :
260 _bRoutledge,
_c2008.
300 _a268 pages
650 0 _aBusiness & Economics.
942 _cENGLISH
040 _aYourLibrary
_beng
_cYourLibrary
999 _c622169
_d622169